La decadencia española
Spremljeno u:
| Glavni autor: | |
|---|---|
| Format: | Knjiga |
| Jezik: | španjolski |
| Izdano: |
Madrid, España
Mayfe
1950-1951
|
| Teme: | |
| Oznake: |
Dodaj oznaku
Bez oznaka, Budi prvi tko označuje ovaj zapis!
|
MARC
| LEADER | 00000nam a2200000 a 4500 | ||
|---|---|---|---|
| 001 | UCO1614 | ||
| 003 | CL-VaPUC | ||
| 005 | 20220928175210.0 | ||
| 008 | 000519e19500000SP |||||||||||||||||spa|d | ||
| 999 | |c 288219 |d 288217 | ||
| 040 | |c Pontificia Universidad Católica de Valparaíso | ||
| 082 | 0 | 4 | |a 946 OLA 1950 |2 21 |
| 100 | |a Olagüe, Ignacio |e autor |9 477357 | ||
| 245 | 1 | 3 | |a La decadencia española |
| 260 | |a Madrid, España |b Mayfe |c 1950-1951 | ||
| 300 | |a 4 volúmenes | ||
| 583 | |a last modification |c 20000519 00:00:00 |k Rodrigo Vera | ||
| 650 | 0 | |a Historia de España |9 315435 | |
| 650 | 7 | |a DECADENCIA |2 CL-VaPUC |9 400479 |z ESPAÑA | |
| 852 | |a BIBCUR | ||
| 942 | |c BK |2 ddc | ||
| 945 | |d 20000519 00:00:00 |a rherrera | ||
| 952 | |0 0 |1 0 |2 ddc |4 0 |6 946_000000000000000_OLA_1950 |7 0 |8 A |9 335763 |a BIBHIS |b BIBHIS |d 2019-11-20 |h v.1 |i 1281429 |o 946 OLA 1950 |p 1281429 |r 2025-01-20 |t 1 |w 2019-11-20 |y BK |k HIS | ||
| 952 | |0 0 |1 0 |2 ddc |4 0 |6 946_000000000000000_OLA_1951 |7 0 |8 A |9 335764 |a BIBHIS |b BIBHIS |d 2019-11-20 |h v.2 |i 1281437 |o 946 OLA 1951 |p 1281437 |r 2025-01-20 |t 1 |w 2019-11-20 |y BK |k HIS | ||